[Event "34th Olympiad"]
[Site "Istanbul TUR"]
[Date "2000.10.30"]
[Round "3"]
[White "Silva Sanchez,C"]
[Black "Alzaim,T"]
[Result "1-0"]
[WhiteElo "2407"]
[BlackElo "2249"]

1.e4 e6 2.d4 d5 3.Nd2 Nc6 4.Ngf3 Nf6 5.e5 Nd7 6.Nb3 f6 7.exf6 Nxf6 8.Bb5 Bd6
9.O-O O-O 10.Bg5 Ne7 11.Bd3 Qe8 12.Re1 Qh5 13.h3 Nc6 14.Bd2 a5 15.a4 Nb4
16.Bxb4 axb4 17.a5 Bd7 18.Ne5 Qh4 19.Qe2 Rae8 20.a6 bxa6 21.Rxa6 Bc8 22.Ra8 Ne4
23.Nf3 Qf4 24.Bxe4 dxe4 25.Qxe4 Qxe4 26.Rxe4 Bb7 27.Rxe8 Rxe8 28.Re1 Bxf3
29.gxf3 Ra8 30.Nd2 Ra2 31.Nc4 Kf7 32.Kf1 Bf4 33.Ke2 Ra8 34.Kd3 Rd8 35.Ne5+ Kf6
36.Kc4 Rd5 37.Re4 g5 38.Kxb4 c5+ 39.Kc4 cxd4 40.Nd3 Bb8 41.Rxd4 Rf5 42.Rd8 Bh2
43.b4 Ke7 44.Rh8 Rxf3 45.Rxh7+ Kd6 46.Kd4 Bg1 47.Ke4 Rf8 48.f4 gxf4 49.Ne5  1-0

[Event "4th OIBM"]
[Site "Bad Wiessee GER"]
[Date "2000.10.31"]
[Round "4"]
[White "Kindermann,S"]
[Black "Reefschlaeger,H"]
[Result "1-0"]
[WhiteElo "2519"]
[BlackElo "2369"]

1.e4 e6 2.d4 d5 3.Nd2 Nc6 4.Ngf3 Nf6 5.e5 Nd7 6.Be2 f6 7.exf6 Qxf6 8.Nf1 Bd6
9.Ne3 b6 10.O-O Bb7 11.c3 O-O-O 12.Ng4 Qf8 13.Ng5 h5 14.Ne5 Bxe5 15.dxe5 Qe7
16.f4 g6 17.Be3 Nc5 18.b4 Ne4 19.Nxe4 dxe4 20.Qa4 Kb8 21.Bb5 Rd3 22.Bxd3 exd3
23.Rad1 Rd8 24.Qb5 Rd5 25.Qc4 Qd8 26.Rf2 Ne7 27.Rfd2 b5 28.Qb3 Nf5 29.Bf2 Nh4
30.Bxh4 Qxh4 31.Rf1 Qg4 32.Qd1 Qf5 33.Rf3 g5 34.fxg5 Qxg5 35.Rf8+ Bc8 36.Rxd3 Qxe5
37.Rxd5 exd5  1-0

[Event "Chigorin Mem"]
[Site "St Petersburg RUS"]
[Date "2000.10.31"]
[Round "1"]
[White "Tseitlin,Ma"]
[Black "Provotorov,I"]
[Result "1-0"]
[WhiteElo "2445"]
[BlackElo "2191"]

1.e4 e6 2.d4 d5 3.Nd2 Be7 4.e5 c5 5.Qg4 g5 6.Qh5 Nc6 7.Ndf3 Nb4 8.Nxg5 Bxg5
9.Bxg5 Qa5 10.Bd2 Nxc2+ 11.Kd1 Qa4 12.b3 Qxd4 13.Rc1 Na3 14.Nf3 Qxf2 15.Qg4 Ne7
16.Qa4+ Bd7 17.Qxa3 b6 18.Rc3 Nf5 19.Be1  1-0

[Event "34th Olympiad"]
[Site "Istanbul TUR"]
[Date "2000.11.01"]
[Round "5"]
[White "Hansen,Cu"]
[Black "Giaccio,A"]
[Result "1/2-1/2"]
[WhiteElo "2613"]
[BlackElo "2505"]

1.e4 e6 2.d4 d5 3.Nd2 a6 4.Bd3 c5 5.dxc5 Bxc5 6.Ngf3 Ne7 7.O-O Nbc6 8.c3 O-O
9.Re1 Ng6 10.exd5 exd5 11.Nb3 Bd6 12.Bg5 Nce7 13.Bxg6 hxg6 14.Qd2 f6 15.Bf4 g5
16.Bxd6 Qxd6 17.c4 b6 18.Qd4 Nf5 19.Qxd5+ Qxd5 20.cxd5 Bb7 21.Rad1  1/2-1/2

[Event "3rd Open"]
[Site "Etang Sale FRA"]
[Date "2000.11.02"]
[Round "6"]
[White "Marciano,D"]
[Black "Stromer,A"]
[Result "0-1"]
[WhiteElo "2522"]
[BlackElo "2263"]

1.e4 e6 2.d4 d5 3.Nd2 Nc6 4.Ngf3 Nf6 5.Bd3 Nb4 6.e5 Nd7 7.Be2 c5 8.c3 Nc6
9.Nf1 Be7 10.Ng3 f6 11.exf6 Nxf6 12.O-O O-O 13.Bd3 Bd6 14.Be3 b6 15.Rc1 Bd7
16.Re1 Kh8 17.Bb1 Ng4 18.Bg5 Qc7 19.Nh4 e5 20.Nhf5 Nxf2 21.Kxf2 e4 22.Kg1 Bxf5
23.Nf1 Bg6 24.Bh4 Rf5 25.Bg3 Raf8 26.dxc5 Bxc5+ 27.Kh1 Qf7 28.c4 Bh5  0-1

[Event "34th Olympiad"]
[Site "Istanbul TUR"]
[Date "2000.11.04"]
[Round "7"]
[White "Hansen,Cu"]
[Black "Lputian,S"]
[Result "1/2-1/2"]
[WhiteElo "2613"]
[BlackElo "2598"]

1.e4 e6 2.d4 d5 3.Nd2 Be7 4.Bd3 c5 5.dxc5 Nf6 6.Qe2 Nc6 7.Ngf3 O-O 8.O-O a5
9.c3 Nd7 10.exd5 exd5 11.Bc2 Nxc5 12.Nb3 Re8 13.Nxc5 Bxc5 14.Qd3 g6 15.Bg5 Qb6
16.Bb3 d4 17.cxd4 Nxd4 18.Nxd4 Bxd4 19.Rad1 Bxb2 20.Qf3 Be6 21.Rb1 Qc5 22.Bxe6 Rxe6
23.Be3 Bd4 24.Rxb7  1/2-1/2

[Event "34th Olympiad"]
[Site "Istanbul TUR"]
[Date "2000.11.06"]
[Round "9"]
[White "Oral,T"]
[Black "Labuckas,A"]
[Result "1-0"]
[WhiteElo "2531"]
[BlackElo "2318"]

1.e4 e6 2.d4 d5 3.Nd2 a6 4.Ngf3 c5 5.exd5 exd5 6.Be2 Nf6 7.O-O Be7 8.dxc5 Bxc5
9.Nb3 Ba7 10.Bg5 O-O 11.Nfd4 h6 12.Bh4 Nc6 13.Nxc6 bxc6 14.c4 g5 15.Bg3 Re8
16.Bf3 Ne4 17.Bxe4 Rxe4 18.c5 Qf6 19.Qd2 Bf5 20.Rfe1 Ree8 21.Rxe8+ Rxe8 22.Re1 Rxe1+
23.Qxe1 Be6 24.Be5 Qg6 25.h3 Qe4 26.Qe3 f5 27.Bd6 f4 28.Qxe4 dxe4 29.Nd4 Bd5
30.b4 Kf7 31.a4 Ke8 32.g3 Kd7 33.gxf4 gxf4 34.a5 f3 35.Nf5 Be6 36.Nxh6 Bxh3
37.Nf7 Ke6 38.Ng5+ Kd5 39.Nxh3 Kc4 40.Bc7 Kxb4 41.Bb6 Bb8 42.Ng5 Kc4 43.Nxe4 Kd3
44.Ng5 Ke2 45.Ne6 Be5 46.Bc7 Bc3 47.Bf4 Kd3 48.Be3 Bxa5 49.Nd4 Bd2 50.Nxc6 Bxe3
51.fxe3 Kxe3 52.Ne5  1-0

[Event "Chigorin Mem"]
[Site "St Petersburg RUS"]
[Date "2000.11.06"]
[Round "6"]
[White "Kashtanov,R"]
[Black "Totsky,L"]
[Result "1-0"]
[WhiteElo "2367"]
[BlackElo "2521"]

1.e4 e6 2.d4 d5 3.Nd2 Be7 4.Ngf3 Nf6 5.e5 Nfd7 6.Bd3 c5 7.c3 Nc6 8.O-O Qb6
9.dxc5 Nxc5 10.Bc2 f5 11.exf6 Bxf6 12.Ng5 g6 13.Nb3 Nxb3 14.axb3 Qc7 15.Ra4 Qe7
16.Nf3 Bd7 17.Re1 O-O 18.Rg4 Kh8 19.Rg3 Rad8 20.Ng5 Bxg5 21.Bxg5 Qc5 22.Bxd8 Qxf2+
23.Kh1 Nxd8 24.Bd3 Kg7 25.Qb1 Be8 26.Rf1 Qc5 27.Rxf8 Qxf8 28.Qe1 Qd6 29.Re3 Bf7
30.Qh4 Nc6 31.Rh3 h5 32.Qg5 Qe5 33.Qd2 Qf6 34.Rf3 Qe7 35.Bb5 e5 36.Qe3 Be8
37.Rf1 a6 38.Bxc6 Bxc6 39.Re1 Kf6 40.Kg1 Qd6 41.h4 Be8 42.b4 Ke6 43.Qa7 Qc7
44.Kh1 Qe7 45.Qb6+ Bc6 46.Qd4 Qf6 47.Kg1 g5 48.hxg5 Qxg5 49.Qf2 Qg6 50.Qf4 Qf6
51.Qg3 Be8 52.Qg8+ Qf7 53.Qh8 e4 54.Qh6+ Qg6 55.Qe3 Bb5 56.b3 Kf7 57.Qd4 Bc6
58.Qe5 Kg8 59.Rf1 d4 60.Rf5  1-0

[Event "34th Olympiad"]
[Site "Istanbul TUR"]
[Date "2000.11.07"]
[Round "10"]
[White "Oral,T"]
[Black "Socko,B"]
[Result "0-1"]
[WhiteElo "2531"]
[BlackElo "2528"]

1.e4 e6 2.d4 d5 3.Nd2 Nc6 4.Ngf3 Nf6 5.e5 Nd7 6.Nb3 Be7 7.Bb5 Ncb8 8.O-O b6
9.Bd3 a5 10.c4 Bb7 11.Qe2 Nf8 12.Be3 dxc4 13.Bxc4 Bd5 14.Rac1 Ra7 15.h4 h6
16.h5 c6 17.Ne1 Bxc4 18.Qxc4 Qd5 19.Qxd5 exd5 20.f4 g6 21.hxg6 fxg6 22.g4 a4
23.Nd2 h5 24.f5 hxg4 25.f6 Bb4 26.Nd3 Bxd2 27.Bxd2 Rah7 28.Bb4 Ne6 29.Nf4 Nxf4
30.Rxf4 c5 31.Be1 Kf7 32.dxc5 Rh1+ 33.Kg2 g5 34.Rf1 R1h2+ 35.Kg3 Nd7 36.cxb6 Kg6
37.Bc3 d4 38.Bxd4 R8h3+ 39.Kxg4 Rd3 40.Rf3 Rxd4+ 41.Kg3 Rdh4 42.Re1 Kh5  0-1

[Event "34th Olympiad Women"]
[Site "Istanbul TUR"]
[Date "2000.11.07"]
[Round "10"]
[White "Ptacnikova,L"]
[Black "Mkrtchian,L"]
[Result "1/2-1/2"]
[WhiteElo "2232"]
[BlackElo "2312"]

1.e4 e6 2.d4 d5 3.Nd2 Be7 4.Ngf3 Nf6 5.Bd3 c5 6.exd5 Qxd5 7.Bc4 Qc6 8.Qe2 a6
9.a4 cxd4 10.O-O Qc7 11.Nxd4 O-O 12.Bb3 e5 13.N4f3 Nc6 14.c3 Bf5 15.Re1 e4
16.Ng5 Ng4 17.Nf1 Bd6 18.Ng3 Bxg3 19.hxg3 Nce5 20.Bf4 Qb6 21.Bxe5 Qh6 22.Nh3 Nxe5
23.Nf4 Ng4 24.Nh3 Ne5 25.Nf4 Rad8 26.Qh5 Qxh5 27.Nxh5 Rd2 28.Nf4 Rxb2 29.Bd5 Nd3
30.Reb1 Rxb1+ 31.Rxb1 Nc5 32.Rb4 Rb8 33.a5 Kf8 34.Ne2 Ke7 35.Nd4 Bd7 36.Nc6+ Bxc6
37.Bxc6 f5 38.Bd5 Kd6 39.c4 Kc7 40.Rb6 Rd8 41.Kf1 Rd6 42.Rb2 b6 43.Ra2 bxa5
44.Rxa5 Kb6 45.Ra1 Kc7 46.Ra5 Nb3 47.Ra3 Rb6 48.Ke2 Kd6 49.Ke3 g5 50.g4 fxg4
51.Kxe4 Nc5+ 52.Kf5 h6  1/2-1/2

[Event "34th Olympiad Women"]
[Site "Istanbul TUR"]
[Date "2000.11.08"]
[Round "11"]
[White "Velcheva,M"]
[Black "Danielian,E"]
[Result "1/2-1/2"]
[WhiteElo "2302"]
[BlackElo "2389"]

1.e4 e6 2.d4 d5 3.Nd2 Be7 4.Bd3 c5 5.dxc5 Nf6 6.Qe2 Nc6 7.Ngf3 a5 8.c3 a4
9.O-O O-O 10.exd5 exd5 11.b4 Re8 12.Qd1 d4 13.a3 dxc3 14.Nc4 Be6 15.Qc2  1/2-1/2

[Event "34th Olympiad"]
[Site "Istanbul TUR"]
[Date "2000.11.08"]
[Round "11"]
[White "Mrva,M"]
[Black "Kostenko,P"]
[Result "1-0"]
[WhiteElo "2468"]
[BlackElo "2466"]

1.e4 e6 2.d4 d5 3.Nd2 Be7 4.Bd3 c5 5.dxc5 Nf6 6.Qe2 Nc6 7.Ngf3 Nb4 8.O-O O-O
9.e5 Nd7 10.Nb3 a5 11.a4 Nxd3 12.cxd3 Nxc5 13.Nxc5 Bxc5 14.Be3 d4 15.Bf4 Qd5
16.Ng5 Bd7 17.Qh5 h6 18.Ne4 Be7 19.Rfe1 b5 20.axb5 Bxb5 21.Qh3 Rfc8 22.Nf6+ Bxf6
23.exf6 Qf5 24.Qxf5 exf5 25.fxg7 Rc2 26.Be5 Rxb2 27.Bxd4 Rb3 28.Be5 Bxd3
29.Rec1 Kh7 30.Rc7 Rb5 31.f4 Kg8 32.Kf2 Be4 33.Rac1 Rd5 34.Ra7 Rd2+ 35.Ke1 Rad8
36.Bf6 Bxg2 37.Bxd8 Rxd8 38.Kf2 Rd2+ 39.Ke3 Ra2 40.Kd4 Kxg7 41.Rcc7 Kg6 42.Rxf7 Ra4+
43.Ke3 Ra3+ 44.Kd4 Ra4+ 45.Ke5 Re4+ 46.Kd6 Bh3 47.Rg7+ Kh5 48.Rxa5 Rxf4 49.Ra2 Bg4
50.Ke5 Re4+ 51.Kd5 Kh4 52.Rga7 Bf3 53.Kc5 Re8 54.Rf2 Be4 55.Rg7 Rd8 56.Rg3 Rd5+
57.Kc4 Rd1 58.Kc3 Rd6 59.Kc4 Kh5 60.Kc5 Rd8 61.Kc4 Bd5+ 62.Kd4 Bf3+ 63.Ke5 Bg4
64.h3 Kh4 65.Ra3 Re8+ 66.Kf6 Bxh3 67.Rh2 f4 68.Rhxh3+ Kg4 69.Rxh6 f3 70.Rg6+ Kf4
71.Kf7  1-0

[Event "34th Olympiad"]
[Site "Istanbul TUR"]
[Date "2000.11.09"]
[Round "12"]
[White "Asrian,K"]
[Black "Sakaev,K"]
[Result "1/2-1/2"]
[WhiteElo "2566"]
[BlackElo "2627"]

1.e4 e6 2.d4 d5 3.Nd2 a6 4.Ngf3 Nf6 5.e5 Nfd7 6.c3 c5 7.Be2 Nc6 8.O-O cxd4
9.cxd4 f6 10.Re1 fxe5 11.dxe5 g6 12.Nb3 Bg7 13.Nbd4 Ndxe5 14.Nxe5 Nxe5 15.Bg4 Qb6
16.Bxe6 Bxe6 17.Bf4 Qxd4 18.Qxd4 Nf3+ 19.gxf3 Bxd4 20.Rxe6+ Kf7 21.Re2 Rhd8
22.Rd1 Bf6 23.Be5 Rd7 24.Bxf6 Kxf6 25.Kg2 d4 26.Rd3 Rc8 27.f4 Rc5 28.Red2 Rcd5
29.Kf3 Kf5 30.Rc2 Ra5 31.a3 Rb5 32.b4 a5 33.Rc4 axb4 34.axb4 Rbd5 35.Rc8 Kf6
36.Ke4 Rh5 37.Rxd4 Re7+ 38.Kf3 Rxh2  1/2-1/2

[Event "34th Olympiad"]
[Site "Istanbul TUR"]
[Date "2000.11.09"]
[Round "12"]
[White "Dukaczewski,P"]
[Black "Jacimovic,D"]
[Result "0-1"]
[WhiteElo "2292"]
[BlackElo "2465"]

1.e4 e6 2.d4 d5 3.Nd2 Nc6 4.Ngf3 Nf6 5.e5 Nd7 6.Bd3 Nb4 7.Be2 c5 8.c3 Nc6
9.O-O cxd4 10.cxd4 f6 11.exf6 Qxf6 12.Nb3 h6 13.Bb5 Bd6 14.Bxc6 bxc6 15.Qc2 Nb8
16.Na5 O-O 17.Re1 Qd8 18.Nxc6 Nxc6 19.Qxc6 Rb8 20.Re3 Rb6 21.Qc2 Bd7 22.Bd2 Qb8
23.b3 Rc6 24.Rc3 Rxf3 25.gxf3 Rxc3 26.Qxc3 Bxh2+ 27.Kg2 Bd6 28.Qd3 Qe8 29.a4 Qf7
30.Rg1 e5 31.dxe5 Bf5 32.Qd4 Qg6+ 33.Kh2 Qh5+ 34.Kg3 g5 35.Bxg5 hxg5 36.Qxd5+ Kg7
37.Qb7+ Kg6  0-1

[Event "34th Olympiad Women"]
[Site "Istanbul TUR"]
[Date "2000.11.10"]
[Round "13"]
[White "Bojkovic,N"]
[Black "Zhukova,N"]
[Result "1/2-1/2"]
[WhiteElo "2420"]
[BlackElo "2450"]

1.e4 e6 2.d4 d5 3.Nd2 a6 4.Ngf3 c5 5.exd5 exd5 6.dxc5 Bxc5 7.Nb3 Ba7 8.Bd3 Qe7+
9.Qe2 Nc6 10.Bg5 f6 11.Be3 Bxe3 12.fxe3 Nh6 13.e4 Nb4 14.exd5 Nxd3+ 15.cxd3 Bf5
16.Rc1 Qxe2+ 17.Kxe2 Rd8 18.Rc7 Rxd5 19.d4 Rd7 20.Rc8+ Rd8 21.Rc7 Rd7 22.Rc8+ Rd8
23.Rc7 Rd7 24.Rc8+  1/2-1/2

[Event "Chigorin Mem"]
[Site "St Petersburg RUS"]
[Date "2000.11.10"]
[Round "9"]
[White "Anisimov,P"]
[Black "Alekseev,V"]
[Result "0-1"]
[WhiteElo "2318"]
[BlackElo "2412"]

1.e4 e6 2.d4 d5 3.Nd2 Be7 4.Bd3 c5 5.dxc5 Nf6 6.Qe2 Bxc5 7.Ngf3 Nc6 8.a3 Qc7
9.O-O Bd7 10.b4 Nd4 11.Qd1 Nxf3+ 12.Qxf3 Bd4 13.Rb1 O-O 14.exd5 exd5 15.h3 Rad8
16.Nb3 Be5 17.Be3 Rfe8 18.Rfe1 Ne4 19.Nc5 Nxc5 20.Bxc5 d4 21.Qh5 g6 22.Qg5 Ba4
23.Bxa7 Rd5 24.f4 h6 25.Qg4 Bxf4 26.Bb6 Rxe1+ 27.Rxe1 Qc3 28.Rf1 Be3+ 29.Kh1 Bxc2
30.Qe4 Rf5 31.Qe8+ Kg7 32.Bxf5 gxf5 33.Qe5+ Kh7 34.Qd5 Kg7 35.Qe5+ Kh7 36.Bc5 Qd3
37.Re1 Qd2 38.Rxe3 Qxe3 39.Qd6 Be4 40.Qxd4 Qxh3+  0-1

[Event "34th Olympiad Women"]
[Site "Istanbul TUR"]
[Date "2000.11.12"]
[Round "14"]
[White "Bojkovic,N"]
[Black "Velcheva,M"]
[Result "1-0"]
[WhiteElo "2420"]
[BlackElo "2302"]

1.e4 e6 2.d4 d5 3.Nd2 Be7 4.Ngf3 Nf6 5.exd5 exd5 6.Bd3 c5 7.dxc5 Nbd7 8.b4 a5
9.c3 Ng4 10.O-O O-O 11.Qc2 g6 12.Bb2 Nde5 13.h3 Nxd3 14.Qxd3 Nf6 15.Nd4 Qc7
16.Rfe1 Re8 17.Nb5 Qc6 18.a4 Bf5 19.Qd4 Nd7 20.Rxe7 Rxe7 21.c4 f6 22.cxd5 Qc8
23.d6 Rf7 24.Nc7 Rb8 25.Re1 Qf8 26.g4 Bc2 27.Qc4 Bxa4 28.b5 b6 29.Qxa4 Nxc5
30.Qd4 Rd8 31.Ne6 Qe8 32.Qd5 Rdd7 33.Nf3 Qb8 34.Nc7 Qb7 35.Re8+ Kg7 36.Bxf6+  1-0

[Event "Tch-AUT 2000-01"]
[Site "Gleisdorf AUT"]
[Date "2000.11.18"]
[Round "4"]
[White "Penz,H"]
[Black "Staudner,O"]
[Result "1/2-1/2"]
[WhiteElo "2392"]
[BlackElo "2347"]

1.e4 e6 2.d4 d5 3.Nd2 Be7 4.c3 dxe4 5.Nxe4 Nf6 6.Bd3 Nbd7 7.Ne2 b6 8.O-O Bb7
9.f3 O-O 10.Nxf6+ Nxf6 11.Qc2 c5 12.Be3 Qc7 13.dxc5 Bxc5 14.Bf2 Bxf2+ 15.Rxf2 Qc5
16.Nd4 Rfd8 17.Rd1 h6 18.Nb3 Qc7 19.Bf1 Nd5 20.Qc1 a5 21.c4 Nf6 22.Rfd2 a4
23.Rxd8+ Rxd8 24.Rxd8+ Qxd8 25.Qd2 Qc7 26.Nd4 Qc5 27.Qf2 e5 28.Nb5 Qc6 29.Nc3 Ba6
30.b3 axb3 31.axb3 Qd6 32.Na4 Nd7 33.h3 Nc5  1/2-1/2

[Event "It Jose Rubinstein"]
[Site "Vicente Lopez ARG"]
[Date "2000.11.20"]
[Round "5"]
[White "Quiroga,F"]
[Black "Slipak,S"]
[Result "1-0"]
[WhiteElo "2398"]
[BlackElo "2520"]

1.d4 e6 2.e4 d5 3.Nd2 Nc6 4.Ngf3 Nf6 5.e5 Nd7 6.Bb5 Be7 7.O-O O-O 8.c4 Ndb8
9.c5 b6 10.Nb3 a5 11.cxb6 cxb6 12.Be3 Ba6 13.Qe2 a4 14.Nbd2 Qd7 15.Bxa6 Nxa6
16.Rfc1 b5 17.Nf1 Na5 18.Ng3 Rfc8 19.Nh5 Nb4 20.Ng5 Rxc1+ 21.Rxc1 Nxa2 22.Qg4 g6
23.Qh4 gxh5 24.Qxh5 Bxg5 25.Qxg5+ Kf8 26.Qf6 Qb7 27.Bg5 Ke8 28.Rc5 Nb3 29.Rc6 h6
30.Bh4 Kd7 31.Qe7+  1-0

[Event "Autumn Cup GM"]
[Site "Bucharest ROM"]
[Date "2000.11.24"]
[Round "5"]
[White "Matulovic,M"]
[Black "Itkis,B"]
[Result "1/2-1/2"]
[WhiteElo "2433"]
[BlackElo "2384"]

1.e4 e6 2.d4 d5 3.Nd2 Be7 4.Bd3 c5 5.dxc5 Nf6 6.Qe2 Nc6 7.Ngf3 Nb4 8.O-O Nxd3
9.cxd3 Bxc5 10.Nb3 Be7 11.Bg5 h6 12.Bh4 Qb6 13.Rfc1 dxe4 14.dxe4 Bd7 15.Ne5 Bb5
16.Nc4 Bxc4 17.Qxc4 O-O  1/2-1/2

[Event "4NCL"]
[Site "Birmingham ENG"]
[Date "2000.11.25"]
[Round "3"]
[White "Jackson,S"]
[Black "Tidman,S"]
[Result "1/2-1/2"]
[WhiteElo "2185"]
[BlackElo "2042"]

1.e4 e6 2.d4 d5 3.Nd2 Be7 4.Ngf3 Nf6 5.Bd3 c5 6.exd5 Qxd5 7.dxc5 Nbd7 8.Nb3 a5
9.a4 O-O 10.O-O h6 11.c4 Qh5 12.Re1 Re8 13.Bf4 Bxc5 14.Nxc5 Qxc5 15.Bd6 Qb6
16.Ba3 Nc5 17.Bc2 Bd7 18.Ne5 Red8 19.Qf3 Qc7 20.b3 b6 21.Bc1 Qb7 22.Qg3 Nce4
23.Qh4 Bc6 24.f3 Ng5 25.Bxg5 hxg5 26.Qxg5 Nh7 27.Qh4 Nf6 28.Rad1 Qc7 29.Qf4 Be8
30.Qe3 b5 31.axb5 Bxb5 32.Bb1 Be8  1/2-1/2

[Event "TCh-SVK"]
[Site "SVK"]
[Date "2000.11.26"]
[Round "4"]
[White "Salai,L"]
[Black "Pcola,Pa"]
[Result "1/2-1/2"]
[WhiteElo "2424"]
[BlackElo "2368"]

1.e4 e6 2.d4 d5 3.Nd2 Nc6 4.Ngf3 Nf6 5.e5 Nd7 6.Bb5 a6 7.Bxc6 bxc6 8.Nb3 a5
9.Bg5 Bb4+ 10.c3 Be7 11.h4 h6 12.Be3 a4 13.Nc5 Bxc5 14.dxc5 Qe7 15.Qd4 Ra5
16.Qg4 g6 17.h5 g5 18.O-O Nxc5 19.Nd4 Kd7 20.b4 axb3 21.Nxb3 Nxb3 22.axb3 Rxa1
23.Rxa1 Bb7 24.b4 Qf8 25.Ra7 Kc8 26.Bc5 Qg7 27.Qe2 Re8 28.b5 Qh7 29.Qf1 Qc2
30.bxc6 Bxc6 31.Qa6+ Kd8 32.Qxc6 Qd1+ 33.Kh2 Qxh5+ 34.Kg1 Qd1+  1/2-1/2

[Event "FIDE WCh Women KO"]
[Site "New Delhi ITA"]
[Date "2000.11.27"]
[Round "1.1"]
[White "Zatonskih,A"]
[Black "Arribas,M"]
[Result "1-0"]
[WhiteElo "2446"]
[BlackElo "2300"]

1.e4 e6 2.d4 d5 3.Nd2 Nc6 4.Ngf3 Nf6 5.e5 Nd7 6.Be2 f6 7.exf6 Qxf6 8.Nf1 Bd6
9.Ne3 O-O 10.O-O b6 11.c3 Qf7 12.Ng4 Nf6 13.Ng5 Qe8 14.Qc2 Qg6 15.Qxg6 hxg6
16.f4 Bd7 17.Ne5 Bxe5 18.fxe5 Nh7 19.Nf3 Ne7 20.b3 Rfc8 21.Ba6 Rcb8 22.Bd3 c5
23.dxc5 bxc5 24.Ba3 Rc8 25.c4 Nf5 26.cxd5 exd5 27.Rfc1 Nf8 28.Bxc5 Ne6 29.Bf2 a5
30.Rd1 Nf4 31.Bf1 Rc2 32.Ne1 Rb2 33.Nd3 Nxd3 34.Bxd3 a4 35.g4 Rxf2 36.Kxf2 Ne7
37.h3 Kf7 38.b4 Nc6 39.Bb5 Ke6 40.Bxc6 Bxc6 41.Rac1 Bb5 42.Rc7 Kxe5 43.Rxg7 Ra6
44.Rd2 d4 45.Rb7 Rf6+ 46.Kg3 Bc6 47.Rb8 Rf3+ 48.Kh2 d3 49.b5 Be4 50.b6 Kd4
51.b7 Bxb7 52.Rxb7 Kc3 53.Rg2 Rf4 54.Rc7+ Kd4 55.Rg7 Ke3 56.Rxg6 Rd4 57.Re6+  1-0

[Event "FIDE WCh Women KO"]
[Site "New Delhi IND"]
[Date "2000.11.29"]
[Round "1.5"]
[White "Zatonskih,A"]
[Black "Arribas,M"]
[Result "1-0"]
[WhiteElo "2446"]
[BlackElo "2300"]

1.e4 e6 2.d4 d5 3.Nd2 Nc6 4.Ngf3 Nf6 5.e5 Nd7 6.Be2 f6 7.exf6 Nxf6 8.O-O Bd6
9.c4 O-O 10.c5 Bf4 11.Bb5 Bd7 12.Re1 Qe8 13.Nf1 Bxc1 14.Rxc1 Ne4 15.Ng3 Nxg3
16.hxg3 Rf6 17.Bxc6 Bxc6 18.Ne5 Rh6 19.g4 Qe7 20.g3 Rf8 21.Qd2 Rhf6 22.f3 Bb5
23.Kg2 Rb8 24.Rh1 Be8 25.Rh2 Bg6 26.Rch1 Qe8 27.b3 b6 28.Rc1 Rc8 29.Rhh1 Rf8
30.Rhe1 a5 31.Qe2 Rf6 32.g5 Rf5 33.Nxg6 Qxg6 34.cxb6 Rxg5 35.Qxe6+ Qxe6 36.Rxe6 Rb8
37.bxc7 Rc8 38.Rd6 Rf5 39.Rd8+ Rf8 40.Rxd5 Kf7 41.Rf5+ Ke7 42.Rxf8 Kxf8 43.f4 Ke7
44.Kf3 Kd6 45.Rc5 g6 46.Kg4 Kd7 47.a3 Kd6 48.b4 axb4 49.axb4 Rxc7 50.Rxc7 Kxc7
51.Kf3 Kd6 52.Ke4  1-0

[Event "FIDE WCh Women KO"]
[Site "New Delhi IND"]
[Date "2000.12.01"]
[Round "2.2"]
[White "Xie Jun"]
[Black "Matveeva,S"]
[Result "1/2-1/2"]
[WhiteElo "2568"]
[BlackElo "2440"]

1.e4 e6 2.d4 d5 3.Nd2 Be7 4.Bd3 c5 5.dxc5 Nf6 6.Qe2 Nc6 7.Ngf3 a5 8.O-O O-O
9.a4 Nb4 10.e5 Nd7 11.Nb3 Nxd3 12.cxd3 Nxc5 13.Nxc5 Bxc5 14.Be3 d4 15.Bf4 Qd5
16.Ng5 Be7 17.Rfe1 Bxg5 18.Bxg5 f6 19.Bd2 Bd7 20.Qe4 Bc6 21.Qxd5 Bxd5 22.exf6 gxf6
23.Rec1 b6 24.Rc7 Rac8 25.Rac1 Rxc7 26.Rxc7 Rf7 27.Rc8+ Kg7 28.Kf1 Rb7 29.f4 Bb3
30.g4 Bxa4 31.Ke2 Bd7 32.Rd8 e5 33.g5 Bg4+ 34.Kf2 Rd7 35.gxf6+ Kxf6 36.Rb8 exf4
37.Rxb6+ Be6 38.Bxf4 a4 39.Ra6 Kf5 40.Bd2 Bb3 41.Ra5+ Kg4 42.Rg5+ Kh4 43.Kf3 Bd5+
44.Kf4 Rf7+ 45.Ke5 Rf2 46.Be1 Kxg5 47.Bxf2 Bb3 48.Bxd4 Kg6 49.Bf2 Kf7 50.Kd6 Kf6  1/2-1/2

[Event "FIDE WCh Women KO"]
[Site "New Delhi IND"]
[Date "2000.12.02"]
[Round "2.4"]
[White "Xie Jun"]
[Black "Matveeva,S"]
[Result "1/2-1/2"]
[WhiteElo "2568"]
[BlackElo "2440"]

1.e4 e6 2.d4 d5 3.Nd2 Be7 4.Bd3 c5 5.dxc5 Nf6 6.Qe2 Nc6 7.Ngf3 a5 8.O-O a4
9.c4 d4 10.e5 Nd7 11.Ne4 Ndxe5 12.Nxe5 Nxe5 13.Rd1 Nc6 14.Qh5 e5 15.Bg5 Be6
16.Nd6+ Kf8 17.Nxb7 Qd7 18.Bxe7+ Kxe7 19.Nd6 f6 20.Be4 Ra5 21.b4 Nxb4 22.Rab1 Rxc5
23.Nf5+ Bxf5 24.Bxf5 g6 25.Qh6 Qxf5 26.Qg7+ Ke6 27.Qxh8 Qc2 28.Rdc1 Qd2 29.Rd1 Qe2
30.Re1 Qxc4 31.Qxh7 Nd3 32.Rb6+ Kf5 33.Qh3+ Kg5 34.Qg3+ Kh5 35.Qh3+ Kg5 36.Qg3+ Kf5
37.Qh3+ Kg5 38.Qg3+ Kh5 39.Qh3+ Kg5  1/2-1/2

[Event "FIDE WCh Women KO"]
[Site "New Delhi IND"]
[Date "2000.12.06"]
[Round "4.1"]
[White "Xie Jun"]
[Black "Zhukova,N"]
[Result "1-0"]
[WhiteElo "2568"]
[BlackElo "2450"]

1.e4 e6 2.d4 d5 3.Nd2 a6 4.Bd3 Nf6 5.e5 Nfd7 6.Ne2 c5 7.c3 Nc6 8.O-O Be7
9.Nf3 Qb6 10.Bc2 Nf8 11.dxc5 Bxc5 12.Ned4 Bd7 13.Re1 Rc8 14.h4 Qc7 15.Nb3 Be7
16.Bf4 Ng6 17.Bg3 Qd8 18.h5 Nh4 19.Nfd4 Nxd4 20.Nxd4 g6 21.Qd2 Nf5 22.Bxf5 gxf5
23.Bf4 Rg8 24.Re3 Bh4 25.Rh3 Rg4 26.Nf3 Be7 27.Rg3 Rxg3 28.Bxg3 Bc6 29.Bf4 Kd7
30.Nd4 Qg8 31.b4 Ba4 32.Rc1 Ke8 33.f3 Rc4 34.Rb1 b5 35.Kh2 Bd8 36.Re1 Bb6
37.Nxf5 exf5 38.e6 d4 39.exf7+ Kxf7 40.Qe2 Bc7  1-0

[Event "TCh-YUG Women"]
[Site "Kragujevac YUG"]
[Date "2000.12.11"]
[Round "1"]
[White "Kosteniuk,A"]
[Black "Velcheva,M"]
[Result "1-0"]
[WhiteElo "2398"]
[BlackElo "2302"]

1.e4 e6 2.d4 d5 3.Nd2 Be7 4.Bd3 c5 5.dxc5 Nd7 6.exd5 exd5 7.Nb3 Nxc5 8.Nxc5 Bxc5
9.Ne2 Qb6 10.O-O Nf6 11.Nc3 O-O 12.Bg5 Ng4 13.Nxd5 Qxb2 14.h3 Ne5 15.Rb1 Nxd3
16.Rxb2 Nxb2 17.Qb1 Be6 18.Nc7 Nc4 19.Nxa8 Rxa8 20.Qxb7 Rc8 21.Rd1 Nd6 22.Qa6 h6
23.Be7 Ne4 24.Bxc5 Rxc5 25.Qxa7 Nc3 26.Rd8+  1-0

[Event "67th ch-BRA"]
[Site "Teresina BRA"]
[Date "2000.12.11"]
[Round "4"]
[White "Tsuboi,E"]
[Black "Dos Santos,H"]
[Result "0-1"]
[WhiteElo "2307"]
[BlackElo "2277"]

1.d4 e6 2.e4 d5 3.Nd2 Nc6 4.Ngf3 Nf6 5.e5 Nd7 6.Bb5 a6 7.Bxc6 bxc6 8.c4 Be7
9.O-O O-O 10.Re1 c5 11.Nb3 c6 12.Be3 cxd4 13.Nbxd4 Nb8 14.c5 a5 15.a4 Qc7
16.Rc1 Na6 17.Bg5 Nb4 18.Rc3 h6 19.Bxe7 Qxe7 20.Nc2 Rb8 21.Nfd4 Bd7 22.Nxb4 Rxb4
23.b3 f6 24.Nc2 Rf4 25.g3 Rf5 26.f4 fxe5 27.Rxe5 Rxe5 28.fxe5 Bc8 29.Nd4 Ba6
30.Nf3 Rf5 31.Qd4 Qf7 32.Kg2 Be2 33.Nd2 Qh5 34.Re3 Bg4 35.Re1 Bh3+ 36.Kg1 Qf7
37.Qe3 Qh5 38.Qe2 Qg6 39.Nf3 Qg4 40.Nd2 Qb4 41.Qe3 d4 42.Qd3 Qxc5 43.g4 Bxg4
44.Qc4 Qxc4 45.Nxc4 d3 46.Rf1 Bf3 47.Rf2 Rg5+ 48.Kf1 Bd1 49.Nxa5 Rxe5 50.Nxc6 Rc5
51.Nd4 e5 52.Ke1 Bh5 53.Rf8+ Kh7 54.Ne6 Rc6 55.Rf5 Bg4 56.Nf8+ Kg8 57.Ng6 Rc1+
58.Kd2 Rd1+ 59.Kc3 Rc1+ 60.Kd2 Rc2+ 61.Ke3 d2 62.Rf8+ Kh7 63.Rd8 d1=N+  0-1

[Event "Koltanowski Mem"]
[Site "San Francisco USA"]
[Date "2000.12.15"]
[Round "2"]
[White "Shahade,J"]
[Black "Rey,G"]
[Result "1/2-1/2"]
[WhiteElo "2238"]
[BlackElo "2378"]

1.e4 e6 2.d4 d5 3.Nd2 a6 4.Ngf3 c5 5.exd5 exd5 6.dxc5 Bxc5 7.Nb3 Ba7 8.Qe2+ Ne7
9.Be3 Bxe3 10.Qxe3 O-O 11.Be2 Nbc6 12.c3 Re8 13.O-O Ng6 14.Qd2 Qf6 15.Rfe1 Nf4
16.Bf1 Bg4 17.Nbd4 Re4 18.Re3 Rae8 19.Rae1 h6 20.Bd3 Nxd3 21.Qxd3 Bxf3 22.Nxf3 Rxe3
23.Rxe3 Rxe3 24.Qxe3 Qf5 25.g3 Kh7  1/2-1/2

[Event "Koltanowski Mem"]
[Site "San Francisco USA"]
[Date "2000.12.21"]
[Round "8"]
[White "Mezentsev,V"]
[Black "Bhat,V"]
[Result "1/2-1/2"]
[WhiteElo "2376"]
[BlackElo "2396"]

1.e4 e6 2.d4 d5 3.Nd2 Nc6 4.c3 e5 5.exd5 Qxd5 6.Ngf3 exd4 7.Bc4 Qh5 8.cxd4 Be6
9.Bxe6 fxe6 10.O-O O-O-O 11.Qb3 Nf6 12.Re1 Kb8 13.Rxe6 Nxd4 14.Nxd4 Rxd4
15.Nf3 Rb4 16.Qd3 Bc5 17.h3 Re8 18.Re5 Qxe5 19.Nxe5 Rd4 20.Qc2 Rxe5 21.Be3 Rdd5
22.Bxc5 Rxc5 23.Rd1 a6 24.Rd8+ Ka7 25.Qd2 Re7 26.Ra8+ Kb6 27.Qb4+ Kc6 28.Rb8 b5
29.Qa5 Nd7 30.Qxa6+ Nb6 31.Qb7+ Kd7 32.Qf3 Nc4 33.Rf8 Nd6 34.Rg8 g6 35.Qa8 Rc1+
36.Kh2 Rc2 37.Rd8+ Ke6 38.Qa3 Kf6 39.Qf3+ Nf5 40.g4 Ree2 41.Kg1 Ke7 42.Rd3 Re1+
43.Kh2 Ree2 44.Qd5 Rxf2+ 45.Kg1 Rfe2 46.Kf1 Rf2+ 47.Ke1 Rce2+ 48.Kd1 Nd6
49.Qg5+ Kf7 50.Rc3 Rxb2 51.Rxc7+ Kg8 52.Qd5+ Nf7 53.Rc8+ Kg7 54.Qd4+ Kh6
55.g5+  1/2-1/2

[Event "2nd Viking GMA"]
[Site "York ENG"]
[Date "2000.12.22"]
[Round "10"]
[White "Hector,J"]
[Black "Barsov,A"]
[Result "0-1"]
[WhiteElo "2509"]
[BlackElo "2534"]

1.e4 e6 2.d4 d5 3.Nd2 Be7 4.Bd3 c5 5.dxc5 Nf6 6.Qe2 Nc6 7.Ngf3 Bxc5 8.O-O Qc7
9.c3 Bd7 10.e5 Ng4 11.Nb3 Bb6 12.Nfd4 Ncxe5 13.Bf4 g5 14.Bg3 h5 15.Rae1 f6
16.f4 Nxd3 17.Qxd3 O-O-O 18.fxg5 e5 19.h4 fxg5 20.Rf5 Bxf5 21.Qxf5+ Qd7 22.Qxg5 Rhg8
23.Qd2 Rde8 24.Rc1 Nf6 25.Bh2 Ne4 26.Qc2 Qh3 27.Kh1 Qxh4  0-1